[Event "DVM U12 2016"]
[Site "Magdeburg GER"]
[Date "2016.12.30"]
[Round "7"]
[White "Marx, Benedikt"]
[Black "Henseler, Daniel"]
[Result "1-0"]
[Termination "normal"]
[Board "10.2"]
[WhiteElo "1289"]
[BlackElo "1089"]
[WhiteClock "00:39:03"]
[BlackClock "00:56:12"]
[WhiteTeam "SK Bebenhausen"]
[BlackTeam "SK Neumarkt"]
[PlyCount "61"]
[WhiteFideId "16255690"]
[EventCountry "GER"]
[EventRounds "7"]
[EventType "team-swiss"]
[EventDate "2016.12.26"]

1. e4 {[%clk 1:16:24]} e5 {[%clk 1:16:42]} 2. Nf3 {[%clk 1:16:49]} Nc6 {[%clk
1:17:10]} 3. Bb5 {[%clk 1:16:52]} a6 {[%clk 1:17:06]} 4. Bxc6 {[%clk 1:16:58]}
dxc6 {[%clk 1:16:51]} 5. d4 {[%clk 1:17:00]} exd4 {[%clk 1:16:23]} 6. Qxd4
{[%clk 1:17:12]} Qxd4 {[%clk 1:16:45]} 7. Nxd4 {[%clk 1:17:39]} Bc5 {[%clk
1:16:24]} 8. Nb3 {[%clk 1:12:46]} Bb6 {[%clk 1:16:36]} 9. Nc3 {[%clk 1:12:23]}
Nf6 {[%clk 1:15:41]} 10. O-O {[%clk 1:11:50]} O-O {[%clk 1:15:36]} 11. h3
{[%clk 1:11:06]} Be6 {[%clk 1:15:23]} 12. Rd1 {[%clk 1:04:39]} Bxb3 {[%clk
1:14:25]} 13. cxb3 {[%clk 1:03:11]} h6 {[%clk 1:13:09]} 14. Bf4 {[%clk
1:01:26]} Rfe8 {[%clk 1:12:21]} 15. Re1 {[%clk 0:59:05]} Re7 {[%clk 1:11:20]}
16. Kf1 {[%clk 0:58:11]} Ba5 {[%clk 1:09:31]} 17. f3 {[%clk 0:57:08]} Nh5
{[%clk 1:08:30]} 18. Bh2 {[%clk 0:55:05]} Rc8 {[%clk 1:07:56]} 19. e5 {[%clk
0:54:13]} Rce8 {[%clk 1:02:43]} 20. g4 {[%clk 0:53:27]} f6 {[%clk 0:58:54]} 21.
gxh5 {[%clk 0:52:00]} fxe5 {[%clk 0:59:14]} 22. Re2 {[%clk 0:48:44]} Rf8 {[%clk
0:57:49]} 23. Kg2 {[%clk 0:46:55]} Ref7 {[%clk 0:57:46]} 24. Rf1 {[%clk
0:45:33]} Re8 {[%clk 0:55:11]} 25. Rxe5 {[%clk 0:45:01]} Rxe5 {[%clk 0:55:23]}
26. Bxe5 {[%clk 0:45:19]} Re7 {[%clk 0:55:37]} 27. Bf4 {[%clk 0:43:26]} Bxc3
28. bxc3 {[%clk 0:43:30]} Re2+ {[%clk 0:56:11]} 29. Rf2 {[%clk 0:43:43]} Re1
{[%clk 0:55:56]} 30. Bxc7 {[%clk 0:39:25]} Rc1 {[%clk 0:56:12]} 31. c4 {[%clk
0:39:03]} 1-0

[Event "DVM U12 2016"]
[Site "Magdeburg GER"]
[Date "2016.12.30"]
[Round "7"]
[White "Henseler, Sebastian"]
[Black "Kroh, Franz Alexander"]
[Result "0-1"]
[Termination "normal"]
[Board "10.3"]
[WhiteElo "769"]
[BlackElo "1277"]
[WhiteClock "01:14:35"]
[BlackClock "00:12:40"]
[WhiteTeam "SK Neumarkt"]
[BlackTeam "SK Bebenhausen"]
[PlyCount "73"]
[EventCountry "GER"]
[EventRounds "7"]
[EventType "team-swiss"]
[EventDate "2016.12.26"]

1. e4 {[%clk 1:15:57]} e5 {[%clk 1:15:53]} 2. Nc3 {[%clk 1:16:15]} Nf6 {[%clk
1:15:47]} 3. Nf3 {[%clk 1:16:23]} d6 {[%clk 1:15:30]} 4. d3 {[%clk 1:16:27]}
Nc6 {[%clk 1:15:18]} 5. Bg5 {[%clk 1:16:28]} h6 {[%clk 1:14:30]} 6. Bh4 {[%clk
1:16:42]} Be6 {[%clk 1:12:17]} 7. Nb5 {[%clk 1:16:43]} Be7 {[%clk 1:06:23]} 8.
h3 {[%clk 1:15:46]} Qd7 {[%clk 1:05:53]} 9. a4 {[%clk 1:15:22]} a6 {[%clk
1:05:30]} 10. Nc3 {[%clk 1:15:29]} O-O-O {[%clk 0:58:07]} 11. Be2 {[%clk
1:15:40]} Rhg8 {[%clk 0:57:42]} 12. Bxf6 {[%clk 1:15:08]} Bxf6 {[%clk 0:57:41]}
13. a5 {[%clk 1:15:09]} g5 {[%clk 0:56:59]} 14. g3 {[%clk 1:15:06]} Bxh3 {[%clk
0:56:34]} 15. Nd5 {[%clk 1:15:07]} Be7 {[%clk 0:50:37]} 16. Bf1 {[%clk
1:13:46]} Bxf1 {[%clk 0:47:10]} 17. Rxf1 {[%clk 1:13:58]} Rdf8 {[%clk 0:40:07]}
18. b4 {[%clk 1:13:32]} Na7 {[%clk 0:31:11]} 19. c4 {[%clk 1:13:26]} f5 {[%clk
0:28:02]} 20. d4 {[%clk 1:13:39]} fxe4 {[%clk 0:22:19]} 21. Nd2 {[%clk
1:13:28]} e3 {[%clk 0:20:08]} 22. fxe3 {[%clk 1:13:28]} Rxf1+ {[%clk 0:19:26]}
23. Nxf1 {[%clk 1:13:43]} Rf8 {[%clk 0:16:44]} 24. Nh2 {[%clk 1:13:47]} exd4
{[%clk 0:15:01]} 25. exd4 {[%clk 1:14:08]} Qe6+ {[%clk 0:15:06]} 26. Kd2 {[%clk
1:13:48]} Rf2+ {[%clk 0:14:52]} 27. Kd3 {[%clk 1:13:54]} Rxh2 {[%clk 0:14:50]}
28. c5 {[%clk 1:13:40]} Qxd5 {[%clk 0:14:52]} 29. Rc1 {[%clk 1:13:26]} Qf5+
{[%clk 0:14:12]} 30. Kc3 {[%clk 1:13:34]} Nb5+ {[%clk 0:13:49]} 31. Kb3 {[%clk
1:13:15]} Qd5+ {[%clk 0:14:07]} 32. Rc4 {[%clk 1:13:42]} Rb2+ {[%clk 0:13:36]}
33. Kxb2 {[%clk 1:13:58]} Qxc4 {[%clk 0:13:46]} 34. Qe1 {[%clk 1:14:19]} Nxd4
{[%clk 0:11:54]} 35. Qxe7 {[%clk 1:14:36]} Qb3+ {[%clk 0:12:18]} 36. Kc1 {[%clk
1:14:35]} Qc2# {[%clk 0:12:40]} 37. Qe1 0-1

[Event "DVM U12 2016"]
[Site "Magdeburg GER"]
[Date "2016.12.30"]
[Round "7"]
[White "Öz, Mert"]
[Black "Reger, Christoph"]
[Result "1-0"]
[Termination "normal"]
[Board "10.4"]
[WhiteElo "1216"]
[BlackElo "920"]
[WhiteTeam "SK Bebenhausen"]
[BlackTeam "SK Neumarkt"]
[PlyCount "57"]
[WhiteFideId "16255704"]
[BlackFideId "16287606"]
[EventCountry "GER"]
[EventRounds "7"]
[EventType "team-swiss"]
[EventDate "2016.12.26"]

1. e4 e5 2. Nf3 Nc6 3. d4 exd4 4. Nxd4 Nxd4 5. Qxd4 Nf6 6. e5 c5 7. Qd1 Ng8 8.
Nc3 d6 9. Bc4 Be7 10. O-O dxe5 11. Qxd8+ Bxd8 12. Re1 f6 13. Be3 b6 14. Rad1
Bf5 15. Bb5+ Kf7 16. Bc4+ Be6 17. Nd5 Ne7 18. a4 Nxd5 19. Bxd5 Bxd5 20. Rxd5
Re8 21. Red1 Kg8 22. Rd7 f5 23. g3 g5 24. Bc1 f4 25. gxf4 gxf4 26. Kh1 Bh4 27.
Rg1+ Kf8 28. Rgg7 Bxf2 29. Rdf7# 1-0